[Event "XIX Festival A"]
[Site "Arco ITA"]
[Date "1997.11.16"]
[Round "3"]
[White "De Santis, Alessio"]
[Black "Movsziszian, Karen"]
[Result "0-1"]
[WhiteElo "2185"]
[BlackElo "2485"]
[PlyCount "104"]
[EventDate "1997.11.14"]

1. d4 g6 2. c4 Nf6 3. Nc3 Bg7 4. e4 d6 5. Be2 O-O 6. Bg5 Nbd7 7. Qd2 e5 8. d5
Qe8 9. g4 Nc5 10. f3 h5 11. h3 Nh7 12. Be3 h4 13. b4 Na6 14. a3 Qe7 15. c5 Nb8
16. Rc1 Bd7 17. Bd3 Bh6 18. Kf2 Bg5 19. Kg2 Bxe3 20. Qxe3 a5 21. Nge2 axb4 22.
axb4 Na6 23. Bxa6 Rxa6 24. b5 Raa8 25. c6 bxc6 26. bxc6 Bc8 27. Ra1 Ba6 28.
Rhb1 Ng5 29. Ra2 Bxe2 30. Rxa8 Bxf3+ 31. Qxf3 Nxf3 32. Rxf8+ Kxf8 33. Kxf3 Qf6+
34. Ke2 Qf4 35. Rb7 Qh2+ 36. Kd3 Qxh3+ 37. Kc2 Qxg4 38. Rxc7 h3 39. Rb7 h2 40.
c7 h1=Q 41. Rb8+ Kg7 42. c8=Q Qxc8 43. Rxc8 g5 44. Rc6 g4 45. Rxd6 g3 46. Rc6
g2 47. d6 g1=Q 48. d7 Qc1+ 49. Kb3 Qg2 50. d8=Q Qgb2+ 51. Kc4 Qcxc3+ 52. Kd5
Qbd2# 0-1

[Event "XIX Festival A"]
[Site "Arco ITA"]
[Date "1997.11.16"]
[Round "3"]
[White "Godena, Michele"]
[Black "Romanishin, Oleg M."]
[Result "1/2-1/2"]
[WhiteElo "2515"]
[BlackElo "2550"]
[PlyCount "56"]
[EventDate "1997.11.14"]

1. e4 e5 2. Nf3 Nc6 3. Bb5 a6 4. Bxc6 dxc6 5. O-O f6 6. d4 exd4 7. Nxd4 c5 8.
Nb3 Qxd1 9. Rxd1 Bg4 10. f3 Be6 11. Bf4 c4 12. Nd4 O-O-O 13. Nc3 Bc5 14. Be3
Bf7 15. Nf5 Bxe3+ 16. Nxe3 Ne7 17. Kf2 c6 18. g4 Kc7 19. h4 g6 20. g5 fxg5 21.
hxg5 h5 22. Rxd8 Rxd8 23. Rd1 Rf8 24. Ne2 b5 25. f4 Be6 26. Kg3 Bd7 27. Rf1 Re8
28. Kf3 Nc8 1/2-1/2

[Event "XIX Festival A"]
[Site "Arco ITA"]
[Date "1997.11.16"]
[Round "3"]
[White "Khenkin, Igor"]
[Black "Medancic, Rikard"]
[Result "1-0"]
[WhiteElo "2550"]
[BlackElo "2320"]
[PlyCount "79"]
[EventDate "1997.11.14"]

1. d4 d5 2. c4 c6 3. Nf3 Nf6 4. Nc3 e6 5. Bg5 dxc4 6. e4 b5 7. e5 h6 8. Bh4 g5
9. Nxg5 hxg5 10. Bxg5 Nbd7 11. g3 a5 12. Bg2 Qb6 13. exf6 a4 14. O-O Bb7 15.
Be3 Qa5 16. Ne4 a3 17. b3 cxb3 18. Qxb3 Nb6 19. Bf4 Rd8 20. Rfd1 Nd5 21. Be5
Qb4 22. Rab1 Ra8 23. Qd3 Qa4 24. Rdc1 b4 25. Nd6+ Bxd6 26. Bxd6 Kd7 27. Bxb4
Nxb4 28. Qc4 Ba6 29. Qxb4 Qxb4 30. Bxc6+ Kd6 31. Rxb4 Rab8 32. Ra4 Rb6 33. Be4
Rh6 34. Rxa3 Rxf6 35. Rb3 Rxb3 36. axb3 Bb5 37. Rc5 Bd7 38. b4 Rh6 39. b5 Rh8
40. b6 1-0

[Event "XIX Festival A"]
[Site "Arco ITA"]
[Date "1997.11.16"]
[Round "3"]
[White "Samaritani, Fabio"]
[Black "Rossi, Carlo"]
[Result "1-0"]
[WhiteElo "2180"]
[BlackElo "2355"]
[PlyCount "73"]
[EventDate "1997.11.14"]

1. e4 e5 2. Nf3 d6 3. d4 exd4 4. Nxd4 Nf6 5. Nc3 Be7 6. Be2 O-O 7. Be3 c5 8.
Nf3 Nc6 9. Qd2 a6 10. O-O-O Be6 11. Ng5 b5 12. f4 Qa5 13. Kb1 Rfe8 14. Nxe6
fxe6 15. Bf3 Rad8 16. Qf2 b4 17. Ne2 d5 18. e5 Ne4 19. Bxe4 dxe4 20. Ng3 b3 21.
cxb3 Nb4 22. a3 Nd5 23. Nxe4 Qb5 24. Bxc5 Qxb3 25. Qg3 Qa4 26. Rd4 Qb5 27. Bxe7
Rxe7 28. Nf6+ Kh8 29. Nxd5 exd5 30. Rc1 Rb7 31. Rb4 Qd7 32. e6 Qe7 33. Rxb7
Qxb7 34. f5 Qe7 35. Rc7 Qf6 36. Rf7 Qd4 37. f6 1-0

[Event "XIX Festival A"]
[Site "Arco ITA"]
[Date "1997.11.17"]
[Round "4"]
[White "Ortega, Lexy"]
[Black "Khenkin, Igor"]
[Result "0-1"]
[WhiteElo "2470"]
[BlackElo "2550"]
[PlyCount "80"]
[EventDate "1997.11.14"]

1. d4 d5 2. c4 c6 3. Nc3 dxc4 4. e3 b5 5. a4 b4 6. Na2 e6 7. Bxc4 Nf6 8. Ne2
Be7 9. O-O O-O 10. Bd2 a5 11. Nac1 c5 12. Nb3 Nbd7 13. dxc5 Nxc5 14. Ned4 Bb7
15. Nxc5 Bxc5 16. Nb3 Bb6 17. Qe2 Ne4 18. f3 Nxd2 19. Nxd2 Qf6 20. Rab1 Rfd8
21. Rfd1 h5 22. Nf1 h4 23. h3 Qe5 24. Kh1 g5 25. b3 Kf8 26. Rbc1 Ke7 27. Rb1 f5
28. Qf2 Rxd1 29. Rxd1 Rd8 30. f4 Qf6 31. Rxd8 Bxd8 32. Nd2 Bb6 33. fxg5 Qxg5
34. Nf3 Qg3 35. Qe2 Bxf3 36. Qxf3 Qe1+ 37. Qf1 Qxf1+ 38. Bxf1 Bxe3 39. Bd3 Bf2
40. Kh2 e5 0-1

[Event "XIX Festival A"]
[Site "Arco ITA"]
[Date "1997.11.17"]
[Round "4"]
[White "Wohl, Aleksandar H."]
[Black "Luciani, Valerio"]
[Result "1-0"]
[WhiteElo "2435"]
[BlackElo "2225"]
[PlyCount "47"]
[EventDate "1997.11.14"]

1. Nf3 d6 2. g3 f5 3. Bg2 Nf6 4. d4 g6 5. c3 c6 6. O-O Bg7 7. Qb3 e6 8. Bf4 O-O
9. Qa3 Ne8 10. Nbd2 e5 11. dxe5 dxe5 12. Qb3+ Kh8 13. Bxe5 Bxe5 14. Nxe5 Qxd2
15. Rad1 Qxe2 16. Rfe1 Qb5 17. Qxb5 cxb5 18. Rd8 Na6 19. Nd3 Nac7 20. Re7 Rg8
21. Ne5 f4 22. Nf7+ Kg7 23. Nd6+ Kh8 24. Nxe8 1-0

[Event "XIX Festival A"]
[Site "Arco ITA"]
[Date "1997.11.18"]
[Round "5"]
[White "De Santis, Alessio"]
[Black "Wohl, Aleksandar H."]
[Result "0-1"]
[WhiteElo "2185"]
[BlackElo "2435"]
[PlyCount "80"]
[EventDate "1997.11.14"]

1. d4 Na6 2. e3 c6 3. Nf3 g6 4. Nbd2 Nc7 5. b3 Bg7 6. Bb2 Nf6 7. c4 O-O 8. Be2
d6 9. O-O a5 10. a3 b5 11. Qc2 Bf5 12. e4 Bd7 13. Rfe1 Qb8 14. Bf1 Re8 15. e5
Bf5 16. Bd3 Bxd3 17. Qxd3 Nd7 18. Rab1 dxe5 19. dxe5 Rd8 20. Qe4 Ra6 21. Qh4
Re8 22. Ne4 Ne6 23. Neg5 Ndf8 24. Qg4 Rb6 25. c5 Rb7 26. b4 axb4 27. axb4 Qc8
28. h4 Nxg5 29. Qxg5 Ne6 30. Qe3 Rd8 31. Ng5 Bh6 32. Qg3 Bxg5 33. hxg5 Rbd7 34.
Re4 Rd1+ 35. Rxd1 Rxd1+ 36. Kh2 Qd7 37. Re3 Qd2 38. Bc3 Qc1 39. Qf3 Rh1+ 40.
Kg3 Qg1 0-1

[Event "XIX Festival A"]
[Site "Arco ITA"]
[Date "1997.11.18"]
[Round "5"]
[White "Drei, Andrea"]
[Black "Sulava, Nenad"]
[Result "1-0"]
[WhiteElo "2345"]
[BlackElo "2375"]
[PlyCount "83"]
[EventDate "1997.11.14"]

1. e4 c5 2. Nf3 e6 3. d4 cxd4 4. Nxd4 a6 5. Bd3 Bc5 6. Nb3 Ba7 7. O-O Ne7 8. c4
O-O 9. Nc3 Nbc6 10. Qe2 e5 11. Be3 Nd4 12. Bxd4 exd4 13. Nd5 Nxd5 14. cxd5 d6
15. Kh1 Qh4 16. Rad1 Bd7 17. Na5 Rab8 18. Rc1 Rfe8 19. Nc4 Rbd8 20. Nxd6 Bg4
21. f3 Rxd6 22. g3 Qh3 23. fxg4 Bb8 24. e5 Rdd8 25. e6 fxe6 26. dxe6 Bd6 27.
Rf5 g6 28. Rf7 Bxg3 29. Rf3 Qh6 30. g5 Qxg5 31. Rg1 Qd5 32. Rgxg3 Rxe6 33. Qf1
b5 34. b3 Rde8 35. Kg2 Kg7 36. Kf2 Qc5 37. Qh3 Re2+ 38. Bxe2 d3+ 39. Re3 Rf8+
40. Rgf3 dxe2 41. Qd7+ Kh6 42. Qd2 1-0

[Event "XIX Festival A"]
[Site "Arco ITA"]
[Date "1997.11.18"]
[Round "5"]
[White "Estremera Panos, Sergio"]
[Black "Patelli, Alessandro"]
[Result "1-0"]
[WhiteElo "2430"]
[BlackElo "2220"]
[PlyCount "57"]
[EventDate "1997.11.14"]

1. d4 Nf6 2. c4 e6 3. Nc3 Bb4 4. e3 c5 5. Nge2 cxd4 6. exd4 O-O 7. a3 Be7 8. d5
exd5 9. cxd5 Re8 10. d6 Bf8 11. g3 b6 12. Bg2 Nc6 13. b4 a6 14. O-O Re6 15. Bf4
Nh5 16. Bd5 Nxf4 17. Nxf4 Rxd6 18. Ne4 Rh6 19. Bxf7+ Kh8 20. Bd5 Bb7 21. Re1
Be7 22. Rc1 Qf8 23. Rc3 Bf6 24. Nxf6 Rxf6 25. Rce3 Qd6 26. Re8+ Rf8 27. R8e4
Qf6 28. Qg4 Rad8 29. Ng6+ 1-0

[Event "XIX Festival A"]
[Site "Arco ITA"]
[Date "1997.11.18"]
[Round "5"]
[White "Godena, Michele"]
[Black "Movsziszian, Karen"]
[Result "0-1"]
[WhiteElo "2515"]
[BlackElo "2485"]
[PlyCount "88"]
[EventDate "1997.11.14"]

1. e4 g6 2. d4 Bg7 3. Nf3 d6 4. c3 Nf6 5. Bd3 O-O 6. O-O c5 7. h3 Nc6 8. d5 Ne5
9. Nxe5 dxe5 10. Be3 c4 11. Bc2 e6 12. d6 Bd7 13. a4 Ne8 14. Na3 Rc8 15. Qe2 f5
16. Bxa7 Qa5 17. Qe3 Rc6 18. Nb5 f4 19. Qd2 Nf6 20. f3 b6 21. Rfd1 Ra8 22. Qf2
Bf8 23. Qh4 Kf7 24. Qf2 Rc5 25. Kh2 Rxa7 26. Nxa7 Qxa7 27. Rd2 h5 28. Rad1 Qb8
29. h4 Ne8 30. Qf1 Qd8 31. Qe1 Rc6 32. Kh3 Rxd6 33. Rxd6 Bxd6 34. Qe2 Qf6 35.
Qxc4 Be7 36. Kh2 Qxh4+ 37. Kg1 Bc5+ 38. Qxc5 bxc5 39. Rxd7+ Kf8 40. Rd1 g5 41.
a5 g4 42. a6 g3 43. a7 Qh2+ 44. Kf1 c4 0-1

[Event "XIX Festival A"]
[Site "Arco ITA"]
[Date "1997.11.19"]
[Round "6"]
[White "Astengo, Marcello"]
[Black "Peric, Slavisa"]
[Result "0-1"]
[WhiteElo "2040"]
[BlackElo "2370"]
[PlyCount "63"]
[EventDate "1997.11.14"]

1. d4 d5 2. Nf3 c5 3. c3 Qc7 4. Bg5 Bf5 5. e3 e6 6. Bf4 Bd6 7. Qa4+ Nc6 8. Na3
Bxf4 9. exf4 c4 10. Ne5 Nge7 11. Be2 O-O 12. Qd1 Qa5 13. Nc2 Bxc2 14. Qxc2 Nxd4
15. Qd2 Nb3 16. axb3 Qxa1+ 17. Bd1 cxb3 18. O-O Qa4 19. Nf3 Nc6 20. Re1 Rfd8
21. Ng5 h6 22. Nxf7 Kxf7 23. Bh5+ g6 24. f5 exf5 25. Qxh6 Rg8 26. Qg5 Rg7 27.
Qxf5+ Kg8 28. Bxg6 Qh4 29. Qxd5+ Kh8 30. Bd3 Rf8 31. g3 Qg5 32. Qg2 0-1

[Event "XIX Festival A"]
[Site "Arco ITA"]
[Date "1997.11.19"]
[Round "6"]
[White "Ortega, Lexy"]
[Black "Drei, Andrea"]
[Result "1-0"]
[WhiteElo "2470"]
[BlackElo "2345"]
[PlyCount "119"]
[EventDate "1997.11.14"]

1. d4 Nf6 2. Nf3 e6 3. Bf4 b6 4. e3 Bb7 5. Nbd2 Be7 6. c3 d6 7. Bd3 Nbd7 8. Qe2
c5 9. h4 cxd4 10. exd4 Nd5 11. Bg3 Rc8 12. a3 N7f6 13. Bb5+ Kf8 14. h5 h6 15.
Bd3 Bc6 16. c4 Nc7 17. b4 a6 18. a4 Ra8 19. Nb3 a5 20. b5 Bb7 21. O-O-O Rc8 22.
Kb1 Kg8 23. Rc1 Qf8 24. Nh4 Nd7 25. d5 e5 26. Bf5 Rd8 27. Rce1 Bc8 28. Ka2 Nf6
29. Qf3 e4 30. Qd1 Bxf5 31. Nxf5 g6 32. hxg6 fxg6 33. Nfd4 Rh7 34. Nc6 Re8 35.
Qd2 Nh5 36. Rxe4 Nxg3 37. fxg3 Bg5 38. Rxe8 Qxe8 39. Qc2 Rg7 40. Nbd4 Bf6 41.
Nf3 Qe3 42. Re1 Qc5 43. Kb3 Kh7 44. Qd2 h5 45. Qe3 Qxe3+ 46. Rxe3 Rf7 47. Kc2
Kg7 48. Kd3 Rf8 49. Re4 Kf7 50. Nfd4 Bxd4 51. Re7+ Kf6 52. Kxd4 Ne8 53. Re6+
Kf7 54. Nd8+ Kg8 55. Nb7 Ng7 56. Nxd6 Rf2 57. Rxg6 Kh7 58. Rg5 Rxg2 59. Nf5
Nxf5+ 60. Rxf5 1-0

[Event "XIX Festival A"]
[Site "Arco ITA"]
[Date "1997.11.19"]
[Round "6"]
[White "Patelli, Alessandro"]
[Black "Contin, Daniel"]
[Result "1-0"]
[WhiteElo "2220"]
[BlackElo "2325"]
[PlyCount "91"]
[EventDate "1997.11.14"]

1. Nf3 c5 2. c4 b6 3. g3 Bb7 4. Bg2 g6 5. O-O Bg7 6. d4 cxd4 7. Nxd4 Bxg2 8.
Kxg2 Qc7 9. Qd3 Nc6 10. Nxc6 Qxc6+ 11. Qf3 Rc8 12. Na3 Nf6 13. Rd1 O-O 14. Be3
d6 15. Bd4 a6 16. b3 Ne4 17. Bxg7 Kxg7 18. Nc2 f5 19. Rac1 Qa8 20. Kg1 Rf6 21.
Qe3 Qb7 22. f3 Nc5 23. b4 Na4 24. Qb3 b5 25. Nd4 Qb6 26. Kg2 e5 27. cxb5 Rxc1
28. Rxc1 exd4 29. Qxa4 d3 30. exd3 axb5 31. Qc2 Qe3 32. Qb2 g5 33. Rd1 g4 34.
Qf2 gxf3+ 35. Qxf3 Qd4 36. Qf4 Qd5+ 37. Kg1 Re6 38. Rc1 Kg6 39. g4 Re2 40.
gxf5+ Kf7 41. Qg4 Re7 42. f6 Rb7 43. Qg7+ Ke6 44. Re1+ Kf5 45. Rf1+ Ke6 46. f7
1-0

[Event "XIX Festival A"]
[Site "Arco ITA"]
[Date "1997.11.19"]
[Round "6"]
[White "Rossi, Carlo"]
[Black "Mussoni, Marcello"]
[Result "0-1"]
[WhiteElo "2355"]
[BlackElo "1948"]
[PlyCount "76"]
[EventDate "1997.11.14"]

1. e4 c6 2. Ne2 d5 3. e5 h5 4. Nf4 h4 5. e6 Bxe6 6. Nxe6 fxe6 7. d4 Qa5+ 8. Nc3
Nd7 9. Qg4 e5 10. Qg6+ Kd8 11. Bd2 Qc7 12. dxe5 Qxe5+ 13. Be2 Qf6 14. Qg4 Nh6
15. Qb4 Kc8 16. Qa5 e6 17. O-O-O Bd6 18. Kb1 Nf5 19. Na4 Bc7 20. Qb4 a5 21. Qa3
b5 22. Nc5 Qe7 23. b4 Nxc5 24. bxc5 b4 25. Qd3 Qxc5 26. g4 Ne7 27. f4 a4 28.
Rc1 Qd6 29. a3 b3 30. Kb2 c5 31. cxb3 axb3 32. Qxb3 Rb8 33. Bb5 c4 34. Qa4 Qb6
35. Bb4 Qxb5 36. Qc2 Nc6 37. Qg6 Nxb4 38. Qxe6+ Kd8 0-1

[Event "XIX Festival A"]
[Site "Arco ITA"]
[Date "1997.11.19"]
[Round "6"]
[White "Sulava, Nenad"]
[Black "De Santis, Alessio"]
[Result "1/2-1/2"]
[WhiteElo "2375"]
[BlackElo "2185"]
[PlyCount "83"]
[EventDate "1997.11.14"]

1. d4 d6 2. Nf3 Bg4 3. e3 Nd7 4. Be2 Ngf6 5. h3 Bxf3 6. Bxf3 c6 7. c4 e5 8. Nc3
Be7 9. d5 c5 10. g4 h6 11. Bg2 a6 12. a4 b6 13. b3 Nh7 14. O-O Bh4 15. Ra2 h5
16. f4 hxg4 17. hxg4 g5 18. Be4 Qe7 19. Bf5 Nhf6 20. Qf3 Kd8 21. a5 Kc7 22.
axb6+ Kxb6 23. Bd2 gxf4 24. exf4 exf4 25. b4 cxb4 26. Na4+ Kc7 27. c5 Bg3 28.
Bxb4 Kd8 29. cxd6 Qe3+ 30. Qxe3 fxe3 31. Bxd7 Bf2+ 32. Raxf2 exf2+ 33. Rxf2
Nxd7 34. Ba5+ Ke8 35. Re2+ Kf8 36. Re7 Nf6 37. g5 Rg8 38. Nb6 Rxg5+ 39. Kf2
Nxd5 40. Nd7+ Kg8 41. Re5 Rxe5 42. Nxe5 1/2-1/2

[Event "XIX Festival A"]
[Site "Arco ITA"]
[Date "1997.11.19"]
[Round "6"]
[White "Tonon, Alessandro"]
[Black "Samaritani, Fabio"]
[Result "0-1"]
[WhiteElo "2150"]
[BlackElo "2180"]
[PlyCount "84"]
[EventDate "1997.11.14"]

1. d4 Nf6 2. c4 e6 3. Nc3 Bb4 4. e3 c5 5. Bd3 Nc6 6. Nge2 cxd4 7. exd4 d5 8.
O-O dxc4 9. Bxc4 O-O 10. Bg5 Be7 11. Qd2 h6 12. Bh4 b6 13. Rfd1 Bb7 14. Rac1
Rc8 15. Bd3 Qd7 16. Bb1 Rfd8 17. a3 Na5 18. Qd3 g6 19. Nf4 g5 20. Qg3 Ne8 21.
Nh5 Ng7 22. Nxg7 Kxg7 23. Qd3 f5 24. Bg3 Bf6 25. Ne2 Qd5 26. f3 Rxc1 27. Rxc1
Nb3 28. Rc7+ Kg6 29. Rxb7 Bxd4+ 30. Nxd4 Nc5 31. Nxf5 Qxd3 32. Ne7+ Kf6 33.
Bxd3 Nxb7 34. Be5+ Kxe7 35. Be4 Nc5 36. Bg6 Rd5 37. Bc3 e5 38. Bc2 b5 39. Bb4
Kf6 40. Bc3 Na4 41. Bb3 Nxc3 42. bxc3 Rd3 0-1

[Event "XIX Festival A"]
[Site "Arco ITA"]
[Date "1997.11.19"]
[Round "6"]
[White "Wohl, Aleksandar H."]
[Black "Godena, Michele"]
[Result "1/2-1/2"]
[WhiteElo "2435"]
[BlackElo "2515"]
[PlyCount "35"]
[EventDate "1997.11.14"]

1. e4 e5 2. Nf3 Nc6 3. Nc3 Nf6 4. g3 d5 5. exd5 Nxd5 6. Bg2 Nxc3 7. bxc3 Bd6 8.
O-O O-O 9. d3 Bg4 10. h3 Bd7 11. Ng5 h6 12. Ne4 Be7 13. Rb1 Rb8 14. c4 Nd4 15.
c3 Ne6 16. Nd2 Nc5 17. d4 Nd3 18. Nf3 1/2-1/2

[Event "XIX Festival A"]
[Site "Arco ITA"]
[Date "1997.11.20"]
[Round "7"]
[White "Estremera Panos, Sergio"]
[Black "Drei, Andrea"]
[Result "1-0"]
[WhiteElo "2430"]
[BlackElo "2345"]
[PlyCount "109"]
[EventDate "1997.11.14"]

1. d4 Nf6 2. c4 e6 3. Nc3 Bb4 4. e3 c5 5. Nge2 cxd4 6. exd4 O-O 7. a3 Be7 8.
Nf4 d5 9. cxd5 Nxd5 10. Ncxd5 exd5 11. Bd3 Nc6 12. Be3 Bf6 13. Rc1 g6 14. Rc5
Ne7 15. Qf3 Be6 16. Nh5 Bh8 17. Nf6+ Bxf6 18. Qxf6 b6 19. Rc7 Nf5 20. Qxd8
Rfxd8 21. Kd2 Nd6 22. Bf4 Ne8 23. Rc6 Rac8 24. Rhc1 Rxc6 25. Rxc6 Bd7 26. Rc3
f6 27. Ba6 Be6 28. Bc7 Rd7 29. Bb8 Rd8 30. Bc7 Rd7 31. Bg3 Kf7 32. Rc6 Re7 33.
f3 Bd7 34. Rc3 g5 35. Re3 Rxe3 36. Kxe3 Ke6 37. Bb8 Nd6 38. Bxa7 b5 39. b3 f5
40. g3 f4+ 41. gxf4 Nf5+ 42. Kd3 gxf4 43. Bb8 Nh4 44. Ke2 Nf5 45. Be5 Kf7 46.
Bb7 Ke6 47. Ba8 Ne3 48. Bxf4 Nc2 49. Kd3 Ne1+ 50. Kc3 Nxf3 51. Bg3 Ng5 52. Kb4
Ne4 53. Bb7 h5 54. Be5 h4 55. a4 1-0

[Event "XIX Festival A"]
[Site "Arco ITA"]
[Date "1997.11.20"]
[Round "7"]
[White "Godena, Michele"]
[Black "Ortega, Lexy"]
[Result "1/2-1/2"]
[WhiteElo "2515"]
[BlackElo "2470"]
[PlyCount "82"]
[EventDate "1997.11.14"]

1. e4 c5 2. c3 d5 3. exd5 Qxd5 4. d4 Nf6 5. Nf3 Bg4 6. Be2 e6 7. h3 Bh5 8. c4
Qd8 9. Nc3 cxd4 10. Nxd4 Bxe2 11. Qa4+ Qd7 12. Kxe2 Nc6 13. Rd1 Nxd4+ 14. Rxd4
Qxa4 15. Nxa4 Rc8 16. Bf4 Be7 17. Rad1 O-O 18. b3 Rc6 19. R4d3 Rfc8 20. Be3 b6
21. f3 Kf8 22. g4 h6 23. h4 Ke8 24. Kf2 Rd8 25. Rxd8+ Bxd8 26. h5 a6 27. Rc1 b5
28. Nb2 bxc4 29. Nxc4 Nd5 30. Bd2 Bc7 31. Ke2 f5 32. gxf5 exf5 33. Kf2 Nf6 34.
Rh1 Kf7 35. Bc3 Re6 36. Bxf6 Kxf6 37. Rg1 Kf7 38. Rd1 Ke7 39. Rg1 Kf7 40. Rd1
Ke7 41. a4 g5 1/2-1/2

[Event "XIX Festival A"]
[Site "Arco ITA"]
[Date "1997.11.20"]
[Round "7"]
[White "Khenkin, Igor"]
[Black "Djuric, Stefan"]
[Result "1-0"]
[WhiteElo "2550"]
[BlackElo "2545"]
[PlyCount "95"]
[EventDate "1997.11.14"]

1. d4 Nf6 2. c4 e6 3. Nf3 d5 4. Nc3 Bb4 5. Bg5 h6 6. Bxf6 Bxc3+ 7. bxc3 Qxf6 8.
cxd5 exd5 9. Qb3 Qb6 10. e3 Be6 11. Bd3 Nd7 12. Qa3 c5 13. Rb1 Qc7 14. Bb5 O-O
15. Bxd7 Bxd7 16. Qxc5 Qxc5 17. dxc5 Rab8 18. Kd2 Rfc8 19. Ne5 Bf5 20. Rb5 a6
21. Ra5 b6 22. cxb6 Rxb6 23. Nd3 Bxd3 24. Kxd3 Rb2 25. Rd1 Rxf2 26. Rd2 Rf5 27.
Rxa6 Re8 28. Ra5 Rfe5 29. Kc2 Rxe3 30. Raxd5 Kh7 31. R5d3 Re1 32. c4 Ra1 33.
Kb3 Ree1 34. Rc2 Rab1+ 35. Kc3 Re5 36. Kd4 Rbe1 37. Kc3 Rb1 38. Rd5 Re3+ 39.
Kd2 Ree1 40. Rd3 Re5 41. c5 Rg1 42. c6 Re7 43. Kc3 Rb1 44. Rd7 Re8 45. c7 Rc8
46. Rxf7 Kg6 47. Rd7 Kf6 48. Kd2 1-0

[Event "XIX Festival A"]
[Site "Arco ITA"]
[Date "1997.11.20"]
[Round "7"]
[White "Movsziszian, Karen"]
[Black "Romanishin, Oleg M."]
[Result "1-0"]
[WhiteElo "2485"]
[BlackElo "2550"]
[PlyCount "105"]
[EventDate "1997.11.14"]

1. Nf3 Nf6 2. g3 d5 3. Bg2 g6 4. d3 Bg7 5. O-O O-O 6. c3 a5 7. Qa4 Nc6 8. Qh4
Ng4 9. h3 Nge5 10. Nxe5 Nxe5 11. Na3 c6 12. Bh6 e6 13. Qxd8 Rxd8 14. Bxg7 Kxg7
15. d4 Nd7 16. c4 Nf6 17. e3 Bd7 18. Rfc1 Rdb8 19. Nb1 Ne8 20. Nd2 Nd6 21. b3
a4 22. c5 Nb5 23. b4 f6 24. f4 e5 25. dxe5 fxe5 26. Nf3 exf4 27. exf4 Re8 28.
Kf2 Re7 29. Bf1 Nc7 30. Rc3 Re4 31. a3 Rf8 32. Re3 Rxe3 33. Kxe3 Re8+ 34. Kd2
Bf5 35. Nd4 Kf6 36. g4 Re4 37. Ne2 Bd7 38. Bg2 Rc4 39. Rc1 Rxc1 40. Kxc1 Nb5
41. Kb2 h5 42. Bf3 hxg4 43. hxg4 g5 44. f5 Ke5 45. Nc3 Nd4 46. Bd1 Bxf5 47.
gxf5 Kxf5 48. Kc1 g4 49. Kd2 Kf4 50. Ne2+ Nxe2 51. Kxe2 Ke4 52. Bxa4 Kd4 53.
Bb3 1-0

[Event "XIX Festival A"]
[Site "Arco ITA"]
[Date "1997.11.20"]
[Round "7"]
[White "Mussoni, Marcello"]
[Black "Patelli, Alessandro"]
[Result "1-0"]
[WhiteElo "1948"]
[BlackElo "2220"]
[PlyCount "49"]
[EventDate "1997.11.14"]

1. Nf3 Nf6 2. d4 e6 3. Bg5 Be7 4. Nbd2 b6 5. e4 Bb7 6. Bd3 d6 7. Qe2 Nfd7 8. h4
e5 9. c3 Bf6 10. O-O-O O-O 11. g4 Re8 12. Be3 exd4 13. cxd4 c5 14. d5 Ne5 15.
Nxe5 Bxe5 16. f4 Bf6 17. g5 Be7 18. Nf3 Nd7 19. h5 Bf8 20. g6 fxg6 21. hxg6 h6
22. Ng5 c4 23. Bc2 b5 24. Ne6 Be7 25. Nxd8 1-0

[Event "XIX Festival A"]
[Site "Arco ITA"]
[Date "1997.11.21"]
[Round "8"]
[White "Djuric, Stefan"]
[Black "Godena, Michele"]
[Result "1-0"]
[WhiteElo "2545"]
[BlackElo "2515"]
[PlyCount "57"]
[EventDate "1997.11.14"]

1. e4 e5 2. Nf3 Nc6 3. Bb5 a6 4. Ba4 Nf6 5. O-O b5 6. Bb3 Bc5 7. Nxe5 Nxe5 8.
d4 Bxd4 9. Qxd4 d6 10. Qd1 O-O 11. a4 Bb7 12. f3 c5 13. Be3 c4 14. Ba2 d5 15.
Bd4 Nc6 16. e5 Nd7 17. Nc3 Ndxe5 18. Bc5 Re8 19. Qxd5 Qc8 20. Qd2 Qf5 21. Qf2
Nd7 22. Bd6 Qf6 23. Rad1 b4 24. Nd5 Qxd6 25. Nb6 Qg6 26. Rxd7 Rab8 27. Nxc4 Bc8
28. Rd6 Re6 29. Ne5 1-0

[Event "XIX Festival A"]
[Site "Arco ITA"]
[Date "1997.11.21"]
[Round "8"]
[White "Drei, Andrea"]
[Black "Calzetta Ruiz, Monica"]
[Result "0-1"]
[WhiteElo "2345"]
[BlackElo "2190"]
[PlyCount "96"]
[EventDate "1997.11.14"]

1. e4 c5 2. Nf3 d6 3. d4 cxd4 4. Qxd4 Bd7 5. c4 Nc6 6. Qd2 g6 7. Nc3 Bh6 8. Qc2
Bg7 9. Be3 Nf6 10. h3 Qa5 11. Qd2 O-O 12. Be2 a6 13. O-O b5 14. a3 bxc4 15.
Bxc4 Rfc8 16. Rfc1 Nxe4 17. Nxe4 Qxd2 18. Bxd2 Bxb2 19. Rab1 Bxc1 20. Rxc1 Nd8
21. Nd4 Kf8 22. Bh6+ Kg8 23. Bg5 Kf8 24. Kf1 Ra7 25. Bd3 Rxc1+ 26. Bxc1 f5 27.
Bh6+ Ke8 28. Ng5 e5 29. Ne2 Bb5 30. Bxb5+ axb5 31. Nc3 Rb7 32. Nd5 Nf7 33. Nxf7
Kxf7 34. Ke2 Ke6 35. Nb4 d5 36. Nd3 Ra7 37. Bf8 d4 38. Bc5 Ra8 39. g3 Kd5 40.
Bb4 Re8 41. h4 Kc4 42. Nc5 e4 43. Nd7 e3 44. Nb6+ Kb3 45. fxe3 Rxe3+ 46. Kf2
Re8 47. Nd5 Rd8 48. Nf4 d3 0-1

[Event "XIX Festival A"]
[Site "Arco ITA"]
[Date "1997.11.21"]
[Round "8"]
[White "Khenkin, Igor"]
[Black "Mussoni, Marcello"]
[Result "1/2-1/2"]
[WhiteElo "2550"]
[BlackElo "1948"]
[PlyCount "62"]
[EventDate "1997.11.14"]

1. d4 d5 2. c4 c6 3. Nf3 Nf6 4. Nc3 e6 5. Bg5 h6 6. Bxf6 Qxf6 7. e3 Nd7 8. Bd3
dxc4 9. Bxc4 g6 10. O-O Bg7 11. Rc1 O-O 12. e4 e5 13. d5 Nb6 14. dxc6 bxc6 15.
Be2 Rd8 16. Qc2 Bg4 17. Nd2 Qg5 18. Rfd1 Bh3 19. Bf3 Bf8 20. Nb3 Bd7 21. Be2 h5
22. Rd3 h4 23. Nd1 c5 24. Qd2 Qxd2 25. Rxd2 Ba4 26. Ne3 Bxb3 27. Rxd8 Rxd8 28.
axb3 Rd4 29. f3 Rd2 30. Kf1 Rxb2 31. Rc3 a5 1/2-1/2

[Event "XIX Festival A"]
[Site "Arco ITA"]
[Date "1997.11.21"]
[Round "8"]
[White "Romanishin, Oleg M."]
[Black "Wohl, Aleksandar H."]
[Result "1/2-1/2"]
[WhiteElo "2550"]
[BlackElo "2435"]
[PlyCount "129"]
[EventDate "1997.11.14"]

1. Nf3 d6 2. d4 g6 3. g3 Bg7 4. Bg2 c5 5. O-O cxd4 6. Nxd4 Nf6 7. c4 O-O 8. b3
a6 9. Bb2 Ra7 10. Nc3 b6 11. Re1 Bb7 12. e4 Nbd7 13. Qd2 Qa8 14. Rad1 Nc5 15.
Qe2 e6 16. Ba1 Re8 17. b4 Ncd7 18. Nb3 Qb8 19. a4 Ba8 20. Rb1 Rc8 21. a5 Rac7
22. Nd2 bxa5 23. bxa5 Qa7 24. Na4 Bc6 25. Nb6 Rd8 26. Bd4 Nc5 27. e5 dxe5 28.
Bxe5 Nd3 29. Bxc7 Qxc7 30. Red1 Bxg2 31. Kxg2 Nh5 32. Kf1 Nb2 33. Rdc1 Qc6 34.
Qf3 Qc5 35. Ne4 Qxa5 36. c5 f5 37. Nd6 h6 38. Qe2 Rxd6 39. cxd6 Qxb6 40. d7 Kh7
41. Rd1 Qc6 42. f3 Nxd1 43. d8=Q Nc3 44. Rb8 Nf6 45. Rc8 Qxc8 46. Qxc8 Nxe2 47.
Kxe2 e5 48. Qxa6 e4 49. f4 h5 50. h3 h4 51. g4 fxg4 52. hxg4 Nxg4 53. Qe6 Nh6
54. Qxe4 Nf5 55. Kd3 Bf6 56. Qf3 Bg7 57. Ke4 Nd6+ 58. Kd5 Nf5 59. Qd3 Bh8 60.
Ke4 Bg7 61. Qd8 Bh8 62. Kf3 Bg7 63. Ke4 Kh6 64. Qd7 Bd4 65. Qf7 1/2-1/2

[Event "XIX Festival A"]
[Site "Arco ITA"]
[Date "1997.11.21"]
[Round "8"]
[White "Rossi, Carlo"]
[Black "Contin, Daniel"]
[Result "0-1"]
[WhiteElo "2355"]
[BlackElo "2325"]
[PlyCount "65"]
[EventDate "1997.11.14"]

1. g3 c5 2. Bg2 g6 3. e4 Bg7 4. Ne2 Nc6 5. O-O d6 6. c3 e5 7. a3 h5 8. b4 h4 9.
b5 Na5 10. d4 Be6 11. d5 Bd7 12. a4 f5 13. Nd2 hxg3 14. hxg3 Nf6 15. c4 Ng4 16.
Ra3 Qg5 17. f3 Ne3 18. f4 exf4 19. Nf3 Qg4 20. Bxe3 fxe3 21. Qc1 fxe4 22. Rxe3
O-O-O 23. Nd2 Qh5 24. Rxe4 Rde8 25. Rff4 g5 26. Rf2 Qh2+ 27. Kf1 Bh3 28. Rxe8+
Rxe8 29. Nf3 Qh1+ 30. Neg1 Bxg2+ 31. Rxg2 Rf8 32. Rf2 g4 33. Qg5 0-1

[Event "XIX Festival A"]
[Site "Arco ITA"]
[Date "1997.11.22"]
[Round "9"]
[White "Godena, Michele"]
[Black "Peric, Slavisa"]
[Result "1-0"]
[WhiteElo "2515"]
[BlackElo "2370"]
[PlyCount "71"]
[EventDate "1997.11.14"]

1. e4 e6 2. d4 d5 3. Nd2 dxe4 4. Nxe4 Be7 5. Nf3 Nf6 6. Bd3 Nbd7 7. Qe2 c5 8.
Nxc5 Bxc5 9. dxc5 Nxc5 10. Bc4 a6 11. Qe5 Nce4 12. Be3 b5 13. Rd1 Qa5+ 14. c3
O-O 15. b4 Qa3 16. Bb3 Qb2 17. Bd4 a5 18. bxa5 Rxa5 19. O-O Qa3 20. Nd2 b4 21.
Nc4 Rxe5 22. Nxa3 Ra5 23. Nc4 Rb5 24. cxb4 Nd5 25. Rfe1 Nef6 26. Bc5 Rd8 27.
Be7 Rd7 28. Ba4 Ba6 29. Bxf6 gxf6 30. Bxb5 Bxb5 31. Ne3 Nxb4 32. Rxd7 Bxd7 33.
Rd1 Bc6 34. a3 Nd5 35. Nxd5 exd5 36. Rc1 1-0